00602nam a2200169 a 450000500170000000800410001702000220005805000230008010000280010324500890013126000590022030000210027952100070030065000540030765000430036170000280040420140311163030.0091207s19uu xx 00 eng d a978-0-415-99020-2 aLA 229b.M345 2009 aMartinez Aleman, Ana M. aOnline social networking on campus :bunderstanding what matters in student culture. aNew York :bRoutledge Taylor and Francis Group,c2009. a154 p. :c24 cm. aIT aCollege studentsxSocial networksxUnited States. aOnline Social networksxUnited States. aWartman, Katherine Lynk